[Event "O pohar mesta Klatov C - memorial Jarom"]
[Site "Klatovy, Czech Republic"]
[Date "2025.06.28"]
[Round "1.22"]
[White "Zednik, Zdenek"]
[Black "Zimmermann, Ladislav"]
[Result "1-0"]
[WhiteElo "1877"]
[BlackElo "1517"]
[PlyCount "28"]
[EventDate "2025.06.28"]

1. Nf3 Nc6 2. d4 e6 3. c4 Nf6 4. Nc3 Bb4 5. Bd2 O-O 6. Qc2 a6 7. e4 d6 8. a3
Ba5 9. e5 Ne8 10. Bd3 f6 11. Bxh7+ Kh8 12. Qg6 Ne7 13. Qh5 g6 14. Bxg6+ Kg7 1-0

[Event "O pohar mesta Klatov C - memorial Jarom"]
[Site "Klatovy, Czech Republic"]
[Date "2025.06.28"]
[Round "1.23"]
[White "Dobsinsky, Petr"]
[Black "Pelikan, Jaromir"]
[Result "0-1"]
[WhiteElo "1460"]
[BlackElo "1876"]
[PlyCount "48"]
[EventDate "2025.06.28"]

1. Nf3 d5 2. d4 Nf6 3. g3 g6 4. Bg2 Bg7 5. O-O O-O 6. b3 c6 7. Bb2 Bf5 8. Nh4
Bg4 9. h3 Bd7 10. Nd2 Qc8 11. Kh2 g5 12. Nhf3 g4 13. Ng1 Bf5 14. h4 Nbd7 15.
Re1 Re8 16. e4 dxe4 17. Nxe4 Bxe4 18. Bxe4 Nxe4 19. Rxe4 Nf6 20. Re1 Qf5 21.
Re2 Rad8 22. c3 e6 23. Re5 Qxf2+ 24. Kh1 Qxb2 0-1